[Event "Mislata op 52nd"]
[Site "Mislata"]
[Date "2018.08.06"]
[Round "1"]
[White "Moreto Quintana, Alexandre"]
[Black "Fuentes Arjona, Antonio C"]
[Result "0-1"]
[WhiteElo "2121"]
[BlackElo "1910"]
[PlyCount "122"]
[EventDate "2018.08.06"]
[EventType "swiss"]
[EventRounds "9"]
[EventCountry "ESP"]
[SourceTitle "CBM 185 Extra"]
[Source "ChessBase"]
[SourceDate "2018.07.29"]
[SourceVersion "1"]
[SourceVersionDate "2018.07.29"]
[SourceQuality "1"]

1. d4 Nf6 2. c4 e5 3. dxe5 Ng4 4. Bf4 g5 5. Bd2 Bg7 6. Nf3 h6 7. Bc3 Nc6 8. e3 Ngxe5 9. Nxe5 Bxe5 10. Be2 d6 11. 0-0 Qe7 12. Qb3 Rg8 13. Nd2 g4 14. Rac1 Qh4 15. g3 Qe7 16. f4 Bg7 17. Bxg7 Rxg7 18. Rfe1 b6 19. Qc3 Rg8 20. b4 Bb7 21. c5 dxc5 22. bxc5 0-0-0 23. cxb6 axb6 24. Bf1 Nb4 25. Rcd1 Kb8 26. e4 Nxa2 27. Qc4 Qe6 28. e5 Qxc4 29. Nxc4 Bf3 30. Ra1 Nc3 31. Bg2 Bxg2 32. Kxg2 Rd4 33. Ne3 Rd2+ 34. Kh1 h5 35. Ra3 Nb5 36. Nc4 Rc2 37. Ra4 Rd8 38. Ne3 Rcd2 39. Rea1 Kb7 40. R4a2 R8d3 41. Nf5 Rxa2 42. Rxa2 Nc3 43. Rc2 Nd5 44. Nh6 Rd1+ 45. Kg2 Ne3+ 46. Kf2 Nxc2 47. Nxf7 Rd2+ 48. Kg1 Ne3 49. Nh6 Rg2+ 50. Kh1 Rf2 51. h4 b5 52. Kg1 Rf1+ 53. Kh2 b4 54. e6 Nd5 55. Nf5 Kc8 56. Ng7 b3 57. Kg2 Rf3 58. Nxh5 b2 59. e7 Ne3+ 60. Kh2 Rf2+ 61. Kg1 Rg2+ 0-1

[Event "Mostoles op 9th"]
[Site "Mostoles"]
[Date "2018.07.17"]
[Round "1"]
[White "Fuentes Arjona, Antonio C"]
[Black "Osuna Osuna, Francisco"]
[Result "1-0"]
[WhiteElo "1925"]
[BlackElo "1578"]
[PlyCount "49"]
[EventDate "2018.07.17"]
[EventType "swiss"]
[EventRounds "9"]
[EventCountry "ESP"]
[SourceTitle "CBM 186 Extra"]
[Source "ChessBase"]
[SourceDate "2018.08.24"]
[SourceVersion "1"]
[SourceVersionDate "2018.08.24"]
[SourceQuality "1"]

1. e4 d5 2. exd5 Nf6 3. d4 Bg4 4. Be2 Bxe2 5. Qxe2 Qxd5 6. Nf3 Nc6 7. c4 Qf5 8. a3 e6 9. 0-0 0-0-0 10. Be3 Qh5 11. Nc3 Ng4 12. Rad1 Nxe3 13. Qxe3 Bd6 14. Nb5 a6 15. d5 axb5 16. dxc6 b6 17. h3 bxc4 18. Qe4 Qb5 19. Rd4 Qf5 20. Rxc4 Qxe4 21. Rxe4 h6 22. Ra4 Kb8 23. Rc1 Bc5 24. Ne5 Bd6 25. Nxf7 1-0

[Event "Madrid-ch sf-A"]
[Site "Madrid"]
[Date "2014.03.19"]
[Round "6"]
[White "Fuentes Arjona, Antonio C"]
[Black "Rodriguez de Castro, Ayar"]
[Result "0-1"]
[WhiteElo "2003"]
[BlackElo "2108"]
[PlyCount "90"]
[EventDate "2014.03.10"]
[EventType "swiss"]
[EventRounds "9"]
[EventCountry "ESP"]
[SourceTitle "EXT 2015"]
[Source "ChessBase"]
[SourceDate "2014.11.20"]
[SourceVersion "1"]
[SourceVersionDate "2014.11.20"]
[SourceQuality "1"]

1. c4 e6 2. d4 d5 3. Nc3 Nf6 4. Nf3 Be7 5. e3 0-0 6. Bd3 b6 7. cxd5 exd5 8. 0-0 Bb7 9. Qc2 c5 10. b3 Nc6 11. a3 Rc8 12. Bf5 Rb8 13. Bd3 Re8 14. Bb2 Bf8 15. Ne2 Rc8 16. Bf5 Rc7 17. Rfc1 h6 18. Ng3 Bd6 19. dxc5 bxc5 20. Rd1 Ne5 21. Bxe5 Bxe5 22. Nxe5 Rxe5 23. Rac1 h5 24. Bd3 g6 25. b4 h4 26. Qc3 Rg5 27. f4 Rg4 28. Be2 hxg3 29. Bxg4 gxh2+ 30. Kxh2 Nxg4+ 31. Kg3 Nf6 32. Qc2 Nh5+ 33. Kh3 Re7 34. Qxc5 Qe8 35. Rc3 Nf6 36. Qd4 Ne4 37. Rc2 f6 38. g3 Rh7+ 39. Kg2 Qd7 40. Kf3 Rh3 41. Rg1 Qf5 42. Kg2 Rxg3+ 43. Kf1 Ba6+ 44. Re2 Qh3+ 45. Rgg2 Qxg2+ 0-1

[Event "Madrid-ch Seniors"]
[Site "Madrid"]
[Date "2014.01.16"]
[Round "8"]
[White "Martin Martin, Luis Vicente"]
[Black "Fuentes Arjona, Antonio C"]
[Result "0-1"]
[WhiteElo "2051"]
[BlackElo "1992"]
[PlyCount "68"]
[EventDate "2014.01.07"]
[EventType "swiss"]
[EventRounds "9"]
[EventCountry "ESP"]
[SourceTitle "CBM 158 Extra"]
[Source "ChessBase"]
[SourceDate "2014.02.28"]
[SourceVersion "1"]
[SourceVersionDate "2014.02.28"]
[SourceQuality "1"]

1. d4 d5 2. Bf4 c5 3. e3 Nc6 4. c3 e6 5. Nf3 Nf6 6. Bd3 Bd6 7. Bg3 0-0 8. Nbd2 b6 9. Ne5 Bb7 10. f4 Ne7 11. Qf3 Rc8 12. Bf2 cxd4 13. exd4 Nd7 14. 0-0 Bxe5 15. fxe5 f5 16. exf6 Nxf6 17. Qh3 Qd7 18. Rae1 Ne4 19. Nxe4 dxe4 20. Bxe4 Bxe4 21. Rxe4 Rf6 22. Rfe1 Nf5 23. Qd3 Rcf8 24. R4e2 b5 25. a3 a6 26. Qe4 h6 27. g4 Nd6 28. Qc2 Qf7 29. Bg3 Rf1+ 30. Kg2 Qf3+ 31. Kh3 Rxe1 32. Rf2 Qe3 33. Rxf8+ Kxf8 34. d5 Ne4 0-1

[Event "Madrid-ch Seniors"]
[Site "Madrid"]
[Date "2014.01.13"]
[Round "5"]
[White "Fuentes Arjona, Antonio C"]
[Black "Perez Cameselle, Francisco Jose"]
[Result "0-1"]
[WhiteElo "1992"]
[BlackElo "1847"]
[PlyCount "60"]
[EventDate "2014.01.07"]
[EventType "swiss"]
[EventRounds "9"]
[EventCountry "ESP"]
[SourceTitle "CBM 158 Extra"]
[Source "ChessBase"]
[SourceDate "2014.02.28"]
[SourceVersion "1"]
[SourceVersionDate "2014.02.28"]
[SourceQuality "1"]

1. e4 e6 2. d4 d5 3. exd5 exd5 4. c4 c6 5. Nc3 Nf6 6. Nf3 Be7 7. Be2 0-0 8. 0-0 dxc4 9. Bxc4 Nd5 10. a3 Bf5 11. Re1 Nxc3 12. bxc3 b5 13. Bb3 Nd7 14. Bf4 Rc8 15. Qe2 Re8 16. Qa2 Bg6 17. c4 bxc4 18. Bxc4 Qb6 19. Rab1 Qa5 20. Rb7 Qf5 21. Bd2 Bf6 22. Rxe8+ Rxe8 23. Rxa7 h5 24. h3 Be7 25. Qb3 Rb8 26. Bb4 c5 27. dxc5 Bxc5 28. Qd1 Bxa7 29. Qe2 Bc5 30. Nh4 Qe5 0-1

[Event "Madrid-ch"]
[Site "Madrid"]
[Date "2012.11.14"]
[Round "7"]
[White "Cabanas Bravo, Juan Andres"]
[Black "Fuentes Arjona, Antonio C"]
[Result "1-0"]
[WhiteElo "2077"]
[BlackElo "2008"]
[PlyCount "69"]
[EventDate "2012.11.05"]
[EventType "swiss"]
[EventRounds "9"]
[EventCountry "ESP"]
[SourceTitle "CBM 151 Extra"]
[Source "ChessBase"]
[SourceDate "2012.12.18"]
[SourceVersion "1"]
[SourceVersionDate "2012.12.18"]
[SourceQuality "1"]

1. e4 c5 2. Nf3 Nc6 3. d4 cxd4 4. Nxd4 g6 5. Nc3 Bg7 6. Be3 Nf6 7. Nxc6 bxc6 8. e5 Nd5 9. Nxd5 cxd5 10. Qxd5 Rb8 11. Bc4 e6 12. Qc5 Rxb2 13. Bb3 d6 14. Qc6+ Bd7 15. Qxd6 Qa5+ 16. Bd2 Qxe5+ 17. Qxe5 Bxe5 18. 0-0-0 0-0 19. Bb4 Ba4 20. Bxf8 Bxb3 21. axb3 Kxf8 22. Rd7 Ra2 23. Kd2 Ke8 24. Rb7 Ra6 25. Rd1 Bd4 26. Ke2 e5 27. f4 Re6 28. fxe5 Rxe5+ 29. Kd3 Bb6 30. c4 Re7 31. Rxe7+ Kxe7 32. b4 Kd7 33. c5 Bc7 34. Kc4+ Kc8 35. h3 1-0

[Event "Madrid-ch"]
[Site "Madrid"]
[Date "2012.11.13"]
[Round "6"]
[White "Fuentes Arjona, Antonio C"]
[Black "Garcia Esteban, Ignacio"]
[Result "1/2-1/2"]
[WhiteElo "2008"]
[BlackElo "1941"]
[PlyCount "92"]
[EventDate "2012.11.05"]
[EventType "swiss"]
[EventRounds "9"]
[EventCountry "ESP"]
[SourceTitle "CBM 151 Extra"]
[Source "ChessBase"]
[SourceDate "2012.12.18"]
[SourceVersion "1"]
[SourceVersionDate "2012.12.18"]
[SourceQuality "1"]

1. e4 c5 2. Nf3 Nc6 3. d4 cxd4 4. Nxd4 d6 5. c4 Nf6 6. Nc3 g6 7. Be2 Bg7 8. Be3 0-0 9. 0-0 Bd7 10. Qd2 Nxd4 11. Bxd4 Bc6 12. f3 Qc7 13. Rac1 Qd8 14. Rfd1 b6 15. Nd5 Bxd5 16. cxd5 Rc8 17. Ba6 Rxc1 18. Rxc1 Qd7 19. Qb4 Bh6 20. Rc6 Nh5 21. Qc3 Nf4 22. Qc2 e5 23. Rc7 Qd8 24. Bf2 Qg5 25. Bg3 Nh5 26. Bf2 Nf4 27. g3 Nh3+ 28. Kh1 Nxf2+ 29. Qxf2 Ra8 30. Kg2 Qe3 31. Qxe3 Bxe3 32. Rd7 Bc1 33. Rxd6 Bxb2 34. Rd7 Kf8 35. f4 Re8 36. fxe5 Rxe5 37. Kf3 Re7 38. Rd8+ Re8 39. Rd6 Be5 40. Rc6 Rd8 41. Bb5 h5 42. a4 h4 43. gxh4 Bxh2 44. Kg4 Bd6 45. h5 gxh5+ 46. Kxh5 Ke7 1/2-1/2